| 000 | 00610nam a2200181Ia 4500 | ||
|---|---|---|---|
| 008 | 090124s9999 xx 000 0 und d | ||
| 082 |
_b26422 _a732 |
||
| 100 | _aकाणेकर अनंत | ||
| 245 | _a धुक्यातून लाल ताऱ्याकडे | ||
| 250 | _a2 | ||
| 260 | _c1991 | ||
| 300 | _a200 | ||
| 600 | _aकाणेकर अनंत | ||
| 630 | _a धुक्यातून लाल ताऱ्याकडे | ||
| 700 | _aकाणेकर अनंत | ||
| 730 | _a धुक्यातून लाल ताऱ्याकडे | ||
| 942 | _cBOOK | ||
| 999 |
_c139895 _d139895 |
||